| 000 | 01499cam a2200349 i 4500 | ||
|---|---|---|---|
| 001 | 18285162 | ||
| 005 | 20250526121202.0 | ||
| 008 | 140829s2014 ne b 001 0 eng | ||
| 010 | _a 2014427353 | ||
| 020 | _a9789041152657 (hbk.) | ||
| 040 |
_aDLC _beng _erda _cDLC |
||
| 042 | _apcc | ||
| 050 | 0 | 0 |
_aK3830 _b.B57 2014 |
| 082 |
_a346.51092 _bFOR |
||
| 100 | 1 |
_aBishop, R. Doak, _eauthor. _9129058 |
|
| 245 | 1 | 0 |
_aForeign investment disputes : _bcases, materials, and commentary / _cR. Doak Bishop, King & Spalding, Houston, Texas; James Crawford, Lauterpacht Research Centre for International Law, University of Cambridge ; W. Michael Reisman, Yale Law School, New Haven. |
| 250 | _aSecond edition. | ||
| 264 | 1 |
_aAlphen aan den Rijn, The Netherlands : _bKluwer Law International, _c[2014] |
|
| 300 |
_alvii, 1290 pages ; _c25 cm |
||
| 336 |
_atext _btxt _2rdacontent |
||
| 337 |
_aunmediated _bn _2rdamedia |
||
| 338 |
_avolume _bnc _2rdacarrier |
||
| 504 | _aIncludes bibliographical references and index. | ||
| 650 | 0 |
_aInvestments, Foreign (International law) _9129059 |
|
| 650 | 0 |
_aInvestments, Foreign _xLaw and legislation. _9128583 |
|
| 650 | 0 |
_aInternational commercial arbitration. _9114435 |
|
| 700 | 1 |
_aCrawford, James, _d1948- _eauthor. _935612 |
|
| 700 | 1 |
_aReisman, W. Michael _q(William Michael), _d1939- _eauthor. _9129060 |
|
| 906 |
_a7 _bcbc _corigcop _d2 _encip _f20 _gy-gencatlg |
||
| 942 |
_2ddc _cBK |
||
| 999 |
_c613807 _d613807 |
||